Socialisme in Indonesie de indische sociaal-democratische vereeniging 1897-1917 (Record no. 138526)

MARC details
000 -LEADER
fixed length control field 00855nam a2200241 i 4500
001 - CONTROL NUMBER
control field C2-0341479
003 - CONTROL NUMBER IDENTIFIER
control field PPAK
005 - DATE AND TIME OF LATEST TRANSACTION
control field 20180728143142.0
008 - FIXED-LENGTH DATA ELEMENTS--GENERAL INFORMATION
fixed length control field 170402s1985 ne a|||| ||||| | dut d
020 ## - INTERNATIONAL STANDARD BOOK NUMBER
International Standard Book Number 9067650714
040 ## - CATALOGING SOURCE
Original cataloging agency PPAK
Language of cataloging eng
Transcribing agency PPAK
Description conventions rda
082 04 - DEWEY DECIMAL CLASSIFICATION NUMBER
Classification number 320.959802
Edition number 23
090 00 - LOCALLY ASSIGNED LC-TYPE CALL NUMBER (OCLC); LOCAL CALL NUMBER (RLIN)
Classification number (OCLC) (R) ; Classification number, CALL (RLIN) (NR) 320.959802
Feature heading TIC
Feature heading KIH
100 1# - MAIN ENTRY--PERSONAL NAME
Personal name Tichelman, F.,
Relator term author
245 10 - TITLE STATEMENT
Title Socialisme in Indonesie de indische sociaal-democratische vereeniging 1897-1917
264 #1 - PRODUCTION, PUBLICATION, DISTRIBUTION, MANUFACTURE, AND COPYRIGHT NOTICE
Place of production, publication, distribution, manufacture Dordrecht, Netherlands :
Name of producer, publisher, distributor, manufacturer Foris Publications Holland ,
Date of production, publication, distribution, manufacture, or copyright notice 1985
300 ## - PHYSICAL DESCRIPTION
Extent xxiii, 706 pages :
Other physical details illustrations ;
Dimensions 24 cm
336 ## - CONTENT TYPE
Source rdacontent
Content type term text
337 ## - MEDIA TYPE
Source rdamedia
Media type term unmediated
338 ## - CARRIER TYPE
Source rdacarrier
Carrier type term volume
650 10 - SUBJECT ADDED ENTRY--TOPICAL TERM
Topical term or geographic name entry element Pantai komunis Indonesia - History. ; Communism - Indonesia - History. ; Indonesia - Politics and government - 20th century.
942 ## - ADDED ENTRY ELEMENTS (KOHA)
-- dc
Koha item type Book
Holdings
Withdrawn Not for loan Current library Shelving location Date acquired Full call number Barcode Date last seen Koha item type
  Not For Loan Perpustakaan Alor Setar Koleksi Ismail Hussein 04/04/2017 KIH 320.959802 TIC A00181160 09/05/2018 Book